000
00269cam a2200109ua 4500
082
_a
823.301
_b
BHA/BO
100
_a
Bhattacharya, .
_9
1639
245
_a
Book of Short Studies /
260
_a
Culcutta :
_b
Indian press pvt ltd ,
_c
1970.
300
_a
148 ; .
942
_c
BK
999
_c
3458
_d
3458